| 000 | 01030nam a22002777a 4500 | ||
|---|---|---|---|
| 001 | 4821 | ||
| 003 | FISKH | ||
| 005 | 20241016145535.0 | ||
| 008 | 241016b cb ||||| |||| 00| 0 eng d | ||
| 020 | _a9781575650913 | ||
| 040 |
_aFISKH _beng _cFISKH _dFISKH |
||
| 050 | _aPZ7.D4475 | ||
| 082 | _a408 | ||
| 100 |
_adeRubertis, Barbara _d(1939-2021) |
||
| 245 |
_aDeena's lucky penny / _cby Barbara deRubertis illustrated by Joan Holub and Cynthia Fisher |
||
| 250 | _aFirst published in 1999 | ||
| 260 |
_aNew York : _bKane Press, _c1999. |
||
| 300 |
_a32 pages : _bColor illustrations ; _c23 cm |
||
| 505 | _aJ | ||
| 520 | _aWhile pondering how to buy her mother a birthday present with no money, Deena find a penny and follows a process of discovery about how pennies add up to nickels, which add up to dimes, all the way up to four quarters making a dollar. | ||
| 521 | 8 |
_a470L
_bLexile |
|
| 650 |
_2Money _aMath |
||
| 700 |
_aHolub, Joan and Fisher, Cynthia _dIlloustrator |
||
| 942 |
_2ddc _cBK _n0 |
||
| 999 |
_c4821 _d4821 |
||